000 01206nam1a2200289 i 4500
001 RU\NLR\bibl\136990
005 20260408192000.0
035 _a(NLR Aleph) 000134188
090 _a766914
_c766914
100 _a20010226d19989999k y0rusy50 ca
101 0 _arus
102 _aRU
105 _aa |||||||||
200 1 _aИсследования по консерватизму
_f[Редкол.:...П.Ю. Рахшмир (гл. ред.) и др.]
210 _aПермь
_cПерм. ун-т
_d1998
215 _d20
300 _aЗагл. обл.: Консерватизм: история и современность
300 _aВ надзаг.: М-во общ. и проф. образования Рос. Федерации, Перм. гос. ун-т
463 0 _100154142
606 _aКонсерватизм
_xИстория
_jСборники
_3RU\NLR\auth\661287840
_92135655
686 _aТ3(0)0-474/-479я43
712 0 2 _4570
_aПермский государственный университет
_3RU\NLR\AUTH\889941282
_9377407
801 0 _aRU
_bNLR
_c20010226
_gPSBO
801 1 _aRU
_bNLR
_c20010226
852 _aNLR
_j94-3/5430
942 _cBOOK